[Event "Warsaw op"]
[Site "Warsaw"]
[Date "1989.??.??"]
[Round "?"]
[White "Mnatsakanian, Eduard A"]
[Black "Malisauskas, Vidmantas"]
[Result "1-0"]
[WhiteElo "2395"]
[BlackElo "2500"]
[PlyCount "139"]
[EventDate "1989.04.??"]
[EventType "swiss"]
[EventRounds "9"]
[EventCountry "POL"]
[SourceTitle "EXT 1997"]
[Source "ChessBase"]
[SourceDate "1996.11.15"]
[SourceVersion "1"]
[SourceVersionDate "1996.11.15"]
[SourceQuality "1"]

1. e4 c5 2. Nf3 d6 3. d4 cxd4 4. Nxd4 Nf6 5. Nc3 a6 6. Be3 e5 7. Nb3 Be6 8. f3 Nbd7 9. Qd2 Be7 10. g4 h6 11. h4 b5 12. a4 b4 13. Nd5 Bxd5 14. exd5 Nb6 15. Bxb6 Qxb6 16. a5 Qd8 17. 0-0-0 Nh7 18. Qxb4 Bxh4 19. Bxa6 0-0 20. Bb7 Bg5+ 21. Kb1 Qb8 22. Qb6 Bd8 23. Qc6 Rxa5 24. Nxa5 Bxa5 25. Rd3 Bb4 26. Rb3 Bc5 27. Ba6 Qd8 28. Bd3 Ng5 29. Be4 Qf6 30. Qa6 Qf4 31. Qd3 Qg3 32. Qf1 Nxe4 33. fxe4 Qxg4 34. Qf3 f5 35. exf5 Qxf5 36. Qxf5 Rxf5 37. Rb8+ Kh7 38. b4 Bd4 39. b5 e4 40. Rd1 Bc5 41. b6 e3 42. Re1 Rf7 43. c3 g5 44. Kc2 g4 45. Kd3 g3 46. Re2 Rf1 47. b7 Rb1 48. Rg2 Ba7 49. Re8 Rxb7 50. Rxg3 Bc5 51. Re6 Rb2 52. Re7+ Kh8 53. Re8+ Kh7 54. Re7+ Kh8 55. Rg6 Rd2+ 56. Kc4 Rh2 57. Rb7 Rh4+ 58. Kd3 Rh5 59. c4 Rh2 60. Re6 Rd2+ 61. Ke4 Rg2 62. Re8+ Rg8 63. Rxg8+ Kxg8 64. Re7 Kf8 65. Re6 h5 66. Kf5 Kf7 67. Kg5 Bd4 68. Re4 Bc5 69. Kxh5 Kf6 70. Kg4 1-0

[Event "Warsaw op"]
[Site "Warsaw"]
[Date "1989.??.??"]
[Round "?"]
[White "Mnatsakanian, Eduard A"]
[Black "Stefansson, Hannes"]
[Result "1-0"]
[WhiteElo "2395"]
[BlackElo "2480"]
[PlyCount "59"]
[EventDate "1989.04.??"]
[EventType "swiss"]
[EventRounds "9"]
[EventCountry "POL"]
[SourceTitle "EXT 1997"]
[Source "ChessBase"]
[SourceDate "1996.11.15"]
[SourceVersion "1"]
[SourceVersionDate "1996.11.15"]
[SourceQuality "1"]

1. e4 d5 2. exd5 Nf6 3. d4 Nxd5 4. Be2 g6 5. Nf3 Bg7 6. 0-0 0-0 7. c4 Nb6 8. Nc3 c5 9. d5 Bg4 10. Ng5 Bxe2 11. Qxe2 N8d7 12. Bf4 Nc8 13. Nge4 a6 14. Rac1 Qb6 15. Na4 Qb4 16. b3 b5 17. Bd2 Qa3 18. cxb5 Qxa2 19. bxa6 Qxb3 20. Naxc5 Qxd5 21. Rfd1 Nxc5 22. Nxc5 Qa2 23. Qf3 Nd6 24. h3 Rfc8 25. Qd3 Qb2 26. Be3 Nf5 27. Na4 Qa2 28. Rxc8+ Rxc8 29. Nb6 Nxe3 30. Nxc8 1-0

[Event "Warsaw op"]
[Site "Warsaw"]
[Date "1989.??.??"]
[Round "?"]
[White "Petrosian, Arshak B"]
[Black "Mnatsakanian, Eduard A"]
[Result "1/2-1/2"]
[WhiteElo "2475"]
[BlackElo "2395"]
[PlyCount "75"]
[EventDate "1989.04.??"]
[EventType "swiss"]
[EventRounds "9"]
[EventCountry "POL"]
[SourceTitle "EXT 1997"]
[Source "ChessBase"]
[SourceDate "1996.11.15"]
[SourceVersion "1"]
[SourceVersionDate "1996.11.15"]
[SourceQuality "1"]

1. d4 e6 2. c4 Nf6 3. Nc3 Bb4 4. Qc2 c5 5. dxc5 0-0 6. a3 Bxc5 7. Nf3 Nc6 8. Bg5 Nd4 9. Nxd4 Bxd4 10. e3 Be5 11. Bd3 h6 12. Bh4 b6 13. f4 Bxc3+ 14. Qxc3 Bb7 15. 0-0 d5 16. Rad1 Qe7 17. cxd5 exd5 18. Bxf6 Qxf6 19. Qxf6 gxf6 20. Kf2 Rfe8 21. Rfe1 Re7 22. Be2 Rd8 23. Bf3 f5 24. Rd4 Kg7 25. Red1 Red7 26. h3 Kf6 27. g4 Rd6 28. Rc1 Rc6 29. Rxc6+ Bxc6 30. gxf5 Kxf5 31. e4+ Ke6 32. Ke3 f5 33. e5 Rg8 34. Kf2 Bb7 35. Rd2 Rc8 36. Ke3 Rc4 37. Bg2 Bc6 38. Rf2 1/2-1/2